Entry Personal Name
Number of records used in: 1
001 - CONTROL NUMBER
003 - CONTROL NUMBER IDENTIFIER
005 - DATE AND TIME OF LATEST TRANSACTION
- control field:
20230818152022.0
008 - FIXED-LENGTH DATA ELEMENTS
- fixed length control field:
860918n| azannaabn |n aaa
010 ## - LIBRARY OF CONGRESS CONTROL NUMBER
- LC control number:
n 85385790
035 ## - SYSTEM CONTROL NUMBER
- System control number:
(CaEvSKY)skya2680023
040 ## - CATALOGING SOURCE
- Original cataloging agency:
DLC
- Language of cataloging:
eng
- Transcribing agency:
DLC
- Description conventions:
rda
- Modifying agency:
DLC
- Modifying agency:
MX-MoT
046 ## - SPECIAL CODED DATES
- Birth date:
1952-08-27
- Source of date scheme:
edtf
100 1# - HEADING--PERSONAL NAME
- Personal name:
Kuratko, Donald F.
373 ## - ASSOCIATED GROUP
- Associated group:
Ball State University
- Source of term:
naf
374 ## - OCCUPATION
- Occupation:
College teachers
- Source of term:
lcsh
375 ## - GENDER
- Gender:
Males
- Source of term:
lcdgt
377 ## - ASSOCIATED LANGUAGE
670 ## - SOURCE DATA FOUND
- Source citation:
Hodgetts, R.M. Effective small business management, c1986:
- Information found:
t.p. (Donald F. Kuratko; Ball St. Univ.)
670 ## - SOURCE DATA FOUND
- Source citation:
His Entrepreneurial strategy, 1993:
- Information found:
CIP t.p. (Donald F. Kuratko) CIP data sheet (b. 08-27-52)
670 ## - SOURCE DATA FOUND
- Source citation:
New venture management, 2017:
- Information found:
eCIP t.p. (Donald F. Kuratko) data view screen (the Jack M. Gill Distinguished Chair of Entrepreneurship, Professor of Entrepreneurship, and the Executive and Academic Director of the Johnson Center for Entrepreneurship and Innovation at the Kelley School of Business at Indiana University, USA)